000 00808nam a2200241 4500
003 OSt
005 20240625055404.0
006 a
008 240625b |||||||| |||| 00| 0 eng d
020 _a9780470917398
040 _aDWCL-Main lib.
_cOC
082 _aCirc. 658.4038 O23n 2011
100 _aCarla O’Dell
245 _aThe new edge in knowledge : how knowledge management is changing the way we do business /
260 _a N.J. :
_bJohn Wiley & Sons Inc. ,
_cc2011.
300 _axx,
_b236 p. : ill. ;
_c24 cm.
504 _aIncludes bibliographical references & index.
650 _a1. Knowledge management.
650 _a2. Organizational Learning
650 _a3. Information resources management.
650 _a4. Organizational effectiveness.
942 _2ddc
_n0
_cBK-CIRC
_kCirc.
999 _c1310
_d1310